Piłkarska kariera Alexisa Sancheza. - Statystyki

Ogólne statystyki
  • Ten quiz został rozwiązany 48 razy
  • Średni wynik to 7 z 12
Statystyki odpowiedzi
Lata Drużyna % Poprawnych
2014-2018 Arsenal
100%
2019-2020 Inter
98%
2020-teraz Inter
98%
2011-2014 Barcelona
90%
2018-2019 Manchester United
83%
2020-2020 Manchester United
83%
2006-2006 Udinese
33%
2007-2007 Udinese
33%
2008-2011 Udinese
33%
2006-2007 Colo Colo
30%
2007-2008 River Plate
8%
2005-2006 Cobreloa
0%
Nie znaleziono quizów pasujących do podanych kryteriów
Rozkład punktacji
Procent ludzi z każdym wynikiem
Percentyl według liczby udzielonych odpowiedzi
Twoja historia wyników
Nie rozwiązałeś tego quizu